Giro : Meilleur jeune - Statistiques

Statistiques générales
  • Ce quiz a été pris 19 fois
  • Le résultat moyen est 15 sur 32
Statistiques - réponses
Hint Extra Hint Réponse % Correct
2020 Tao Geoghegan Hart Maillot rose - Vainqueur
72%
2021 Egan Bernal Maillot rose - Vainqueur
72%
2009 Kevin Seeldraeyers Jamais en rose
67%
2023 Joao Almeida Maillot rose
67%
2014 Nairo Quintana Maillot rose - Vainqueur
67%
1976 Alfio Vand Jamais en rose
61%
2013 Carlos Betancur Jamais en rose
61%
1985 Alberto Volpi Jamais en rose
56%
1989/1990 Vladimir Poulnikov Jamais en rose
56%
2007 Andy Schleck Jamais en rose
56%
2011 Roman Kreuziger Jamais en rose
56%
2012 Rigoberto Uran Maillot rose
56%
1982 Marco Groppo Jamais en rose
50%
1986 Marco Giovannetti Jamais en rose
50%
1988 Stefano Tomasini Jamais en rose
50%
1991 Massimiliano Lelli Jamais en rose
50%
1977 Mario Beccia Jamais en rose
44%
1981 Giuseppe Faraca Jamais en rose
44%
2008 Riccardo Ricco Jamais en rose
44%
2022 Juan Pedro Lopez Maillot rose
44%
1992/1993 Pavel Tonkov Maillot rose - Vainqueur
44%
1994 Evgueni Berzin Maillot rose - Vainqueur
44%
1979 Silvano Contini Maillot rose
39%
2015 Fabio Aru Maillot rose
39%
1987 Roberto Conti Jamais en rose
33%
2018/2019 Miguel Angel Lopez Jamais en rose
33%
1978 Roberto Visentini Maillot rose
33%
1980 Tommy Prim Maillot rose
33%
2016/2017 Bob Jungels Maillot rose
28%
1984 Charly Mottet Jamais en rose
22%
2010 Richie Porte Maillot rose
22%
1983 Franco Chioccioli Maillot rose - Vainqueur
22%
Aucun quiz correspondant
Distribution des résultats
% des personnes avec chaque résultat
Percentile par nombre de réponses
Votre historique - résultats
Vous n’avez pas pris ce quiz